000 00546cam a2200217ua 4500
001 10462
008 190226n ii |||gr||||Z||||||asm
040 _cMAIN
041 _aasm
082 _a491.451
100 _aGC Goswami,
_eAuthor.
245 _aAsamiya akhar jotani samiksa
250 _a2nd ed.
260 _aGuwahati:
_bBina library,
_c2014.
300 _a187p.
653 _aEast Indo-European & Celtic languages
653 _aAssamese language
653 _aAssamese letter
653 _aFormation of Assamese words
942 _cBK
999 _c9448
_d9448